Normal view
MARC view
- Homes R & Dongare A (Trans.)
Entry Personal Name
001 - CONTROL NUMBER
- control field: 118675
003 - CONTROL NUMBER IDENTIFIER
- control field: OSt
005 - DATE AND TIME OF LATEST TRANSACTION
- control field: 20230125045821.0
008 - FIXED-LENGTH DATA ELEMENTS
- fixed length control field: 230125|| aca||aabn | a|a d
040 ## - CATALOGING SOURCE
- Original cataloging agency: OSt
- Transcribing agency: OSt
100 ## - HEADING--PERSONAL NAME
- Personal name: Homes R & Dongare A (Trans.)
670 ## - SOURCE DATA FOUND
- Source citation: Work cat.: (OSt)96802: Homes R 118674, Churchchillchya Paulkhuna, 2020